[Event "Bionext Festival 2019"]
[Site "Chihuahua"]
[Date "2019.12.01"]
[Round "7.1"]
[White "Ortiz Suarez, Isan Reynaldo"]
[Black "Hernandez Moya, Yuleisy"]
[Result "1/2-1/2"]
[WhiteElo "2549"]
[BlackElo "2181"]
[Annotator "TA"]
[PlyCount "29"]
[EventDate "2019.11.30"]
[EventType "swiss"]
[EventCountry "MEX"]
[SourceTitle "playchess.com"]
[Source "ChessBase"]
[SourceQuality "1"]

{[%evp 12,17,0,0,18,17,8,3]} 1. e4 e6 2. d4 d5 3. exd5 exd5 4. Bd3 Bd6 5. Ne2 Ne7 6. Bf4 O-O 7. O-O {The position is equal.} Ng6 {C01: French: Exchange Variation} (7... c6 8. Nd2 Bf5 9. Bxd6 Qxd6 10. Nf3 Nd7 11. Ng3 Bxd3 12. Qxd3 Rfe8 13. c3 Qg6 14. Qxg6 Nxg6 15. Rfe1 Kf8 16. Rxe8+ Rxe8 17. Re1 Rxe1+ 18. Nxe1 Nf4 19. Kf1 g6 20. Ne2 Nxe2 21. Kxe2 {½-½ (21) Ni,H (2677)-Lu,S (2566) Bazna 2014}) 8. Bxd6 Qxd6 9. Nd2 {Predecessor:} Nf4 $146 10. Nxf4 Qxf4 11. c3 Bf5 12. Nf3 Nd7 13. Re1 Rfe8 14. Qc2 Bxd3 15. Qxd3 {0-1 (41) Mora Martinez,G (1278)-Hernandez Castillo,A (1485) Turmero 2017} 1/2-1/2

[Event "Bionext Festival 2019"]
[Site "Chihuahua"]
[Date "2019.12.02"]
[Round "7.2"]
[White "Garcia Quiroz, Omar Alejandro"]
[Black "Cori, Jorge"]
[Result "0-1"]
[WhiteElo "2034"]
[BlackElo "2651"]
[Annotator "TA"]
[PlyCount "62"]
[EventDate "2019.11.30"]
[EventType "swiss"]
[EventCountry "MEX"]
[SourceTitle "playchess.com"]
[Source "ChessBase"]
[SourceQuality "1"]

{[%evp 16,116,28,6,8,9,14,0,0,-27,-22,-40,-26,-45,-11,-60,0,-4,9,-8,0,-59,-10,-4,0,0,0,0,0,0,0,0,22,-88,-90,-78,-72,-84,-80,-81,-77,-88,-90,-103,-102,-104,-98,-114,-91,-116,-116,-124,-124,-124,-124,-124,-124,-124,-124,-124,-124,-124,-124,-124,-124,-130,-130,-130,-130,-130,-130,-130,-130,-130,-130,-130,-130,-130,0,-93,-93,-130,-130,-12836,-12836,-12837,-12837,-12845,-12843,-12843,-12843,-12844,-12844,-12845,-12845,-12845,-12846,-12846,-12847,-12847,-12847,-12848,-12848]} 1. d4 Nf6 2. Nf3 g6 3. g3 Bg7 4. Bg2 O-O 5. O-O d6 6. c4 Nc6 7. Nc3 a6 8. h3 Rb8 9. b3 b5 {E63: King's Indian: Fianchetto: Panno Variation with 7...a6} 10. cxb5 axb5 11. Bb2 b4 {The position is equal.} (11... Bd7 12. Rc1 Na5 13. Qc2 c5 14. dxc5 dxc5 15. Rfd1 Qc7 16. e4 Bc6 17. Nd5 Bxd5 18. exd5 {1-0 (28) Efimenko,Z (2695)-Bunda,V (2360) Mukachevo 2012}) 12. Nb1 Na7 13. Nfd2 $146 ({Predecessor:} 13. Nbd2 Nd7 14. Qc2 Nb5 15. Rfd1 Bb7 16. Nc4 c5 17. dxc5 Bxb2 18. Qxb2 Nxc5 {0-1 (26) Lindner,A-Nunn,J (2584) Germany 2002}) 13... Bb7 14. e4 e6 15. a4 bxa3 ({Black should try} 15... Ba6 $15 16. Re1 Nd7) 16. Nxa3 $11 Nc6 17. Qe2 Nd7 18. Qe3 ({Only move:} 18. Nc2 $1 $11) 18... Nb4 19. Rfc1 Ba8 20. Nc2 c5 21. Nxb4 Rxb4 22. Rc4 Rb8 23. Rc2 {[%cal Rd4c5]} Qb6 {[%cal Rc5d4]} 24. e5 (24. dxc5 $11 {keeps the balance.} Nxc5 25. Bxg7 Kxg7 26. Nc4 Qxb3 27. Rc3) 24... Bxg2 $17 25. Kxg2 cxd4 26. Bxd4 Qb7+ 27. Kh2 {Hoping for Ra7.} dxe5 28. Bb2 Qb6 29. Ra7 Qxe3 30. fxe3 Nb6 31. Nf3 Nc8 {Played: Nb6-d5} 0-1

[Event "Bionext Festival 2019"]
[Site "Chihuahua"]
[Date "2019.12.02"]
[Round "7.3"]
[White "Macieja, Bartlomiej"]
[Black "Cuenca Jimenez, Jose Fernando"]
[Result "1/2-1/2"]
[WhiteElo "2513"]
[BlackElo "2523"]
[Annotator "ChessBase"]
[PlyCount "103"]
[EventDate "2019.11.30"]
[EventType "swiss"]
[EventCountry "MEX"]
[SourceTitle "playchess.com"]
[Source "ChessBase"]
[SourceQuality "1"]
[TimeControl "5400+30"]

1. d4 {[%emt 0:00:00]} d5 {[%emt 0:00:00]} 2. c4 {[%emt 0:00:00]} e6 {[%emt 0:00:00]} 3. Nc3 {[%emt 0:00:19]} Nf6 {[%emt 0:00:00]} 4. Bg5 {[%emt 0:08:02]} Be7 {[%emt 0:03:10]} 5. e3 {[%emt 0:00:07]} O-O {[%emt 0:01:23]} 6. Qc2 {[%emt 0:17:39]} c5 {[%emt 0:09:17]} 7. dxc5 {[%emt 0:01:00]} dxc4 {[%emt 0:02:18]} 8. Bxc4 {[%emt 0:00:27]} Qa5 {[%emt 0:01:00]} 9. Nf3 {[%emt 0:10:16]} Qxc5 {[%emt 0:00:55]} 10. Be2 {[%emt 0:25:50]} b6 {[%emt 0:06:00]} 11. Rc1 {[%emt 0:20:51]} Bb7 {[%emt 0:05:45]} 12. O-O {[%emt 0:00:03]} Nbd7 {[%emt 0:06:36]} 13. Qa4 {[%emt 0:03:50]} Rfc8 {[%emt 0:14:57]} 14. Rfd1 {[%emt 0:01:57]} Qb4 {[%emt 0:13:56]} 15. Qxb4 {[%emt 0:00:07]} Bxb4 {[%emt 0:00:02]} 16. Nb5 {[%emt 0:00:17]} a6 {[%emt 0:01:48]} 17. Rxc8+ {[%emt 0:02:43]} Rxc8 {[%emt 0:00:06]} 18. Nd6 {[%emt 0:03:27]} Bxd6 {[%emt 0:01:46]} 19. Rxd6 {[%emt 0:00:01]} b5 {[%emt 0:03:01]} 20. h3 {[%emt 0:01:33]} Kf8 {[%emt 0:03:23]} 21. Bh4 {[%emt 0:00:57]} Ke7 {[%emt 0:00:50]} 22. Rd2 {[%emt 0:00:21]} h6 {[%emt 0:00:20]} 23. Bd3 {[%emt 0:00:28]} g5 {[%emt 0:03:02]} 24. Bg3 {[%emt 0:00:01]} Nc5 {[%emt 0:00:15]} 25. Be5 {[%emt 0:01:26]} Nfe4 {[%emt 0:04:08]} 26. Bxe4 {[%emt 0:00:01]} Nxe4 {[%emt 0:00:06]} 27. Re2 {[%emt 0:00:02]} f6 {[%emt 0:00:59]} 28. Bd4 {[%emt 0:00:03]} e5 {[%emt 0:01:35]} 29. Bb6 {[%emt 0:00:01]} Rc1+ {[%emt 0:00:31]} 30. Kh2 {[%emt 0:00:11]} Rf1 {[%emt 0:02:36]} 31. Nd2 {[%emt 0:00:42]} Rxf2 {[%emt 0:00:23]} 32. Rxf2 {[%emt 0:00:01]} Nxf2 {[%emt 0:00:04]} 33. Nb3 {[%emt 0:00:15]} Nd1 {[%emt 0:07:15]} 34. Nc5 {[%emt 0:00:03]} Bc8 {[%emt 0:00:26]} 35. Nd3 {[%emt 0:00:01]} e4 {[%emt 0:07:27]} 36. Nb4 {[%emt 0:00:56]} Nxb2 {[%emt 0:01:18]} 37. Bd4 {[%emt 0:00:01]} Nc4 {[%emt 0:00:37]} 38. Nd5+ {[%emt 0:00:02]} Ke6 {[%emt 0:00:22]} 39. Nxf6 {[%emt 0:00:01]} Nxe3 {[%emt 0:00:38]} 40. Nxe4 {[%emt 0:00:18]} Kd5 {[%emt 0:01:08]} 41. Bxe3 {[%emt 0:00:53]} Kxe4 {[%emt 0:00:01]} 42. Bc5 {[%emt 0:02:40]} h5 {[%emt 0:00:26]} 43. Kg3 {[%emt 0:02:16]} Be6 {[%emt 0:00:19]} 44. a3 {[%emt 0:00:01]} a5 {[%emt 0:00:53]} 45. Kf2 {[%emt 0:01:37]} Kd3 {[%emt 0:00:03]} 46. g4 {[%emt 0:00:30]} hxg4 {[%emt 0:01:21]} 47. hxg4 {[%emt 0:00:01]} Kc4 {[%emt 0:00:22]} 48. Be7 {[%emt 0:00:01]} Kb3 {[%emt 0:00:28]} 49. Kg3 {[%emt 0:00:05]} Bd5 {[%emt 0:00:31]} 50. Kh3 {[%emt 0:00:02]} b4 {[%emt 0:00:41]} 51. axb4 {[%emt 0:00:03]} axb4 {[%emt 0:00:24]} 52. Bxg5 {[%emt 0:00:04]} 1/2-1/2

[Event "Bionext Festival 2019"]
[Site "Chihuahua"]
[Date "2019.12.01"]
[Round "7.4"]
[White "Gomez, Zuniga David Fernand"]
[Black "Rascon Vega, Alfonso"]
[Result "1/2-1/2"]
[WhiteElo "2078"]
[BlackElo "2077"]
[Annotator "NA RC"]
[PlyCount "22"]
[EventDate "2019.11.30"]
[EventType "swiss"]
[EventCountry "MEX"]
[SourceTitle "playchess.com"]
[Source "ChessBase"]
[SourceQuality "1"]
[TimeControl "5400+30"]

1. d4 {[%emt 0:00:00]} Nf6 {[%emt 0:01:01]} 2. Nf3 {[%emt 0:01:02]} g6 {[%emt 0:00:50]} 3. g3 {[%emt 0:01:17]} Bg7 {[%emt 0:00:20]} 4. Bg2 {[%emt 0:00:56]} O-O {[%emt 0:00:28]} 5. c4 {[%emt 0:01:17]} d6 {[%emt 0:00:13]} 6. Nc3 {[%emt 0:00:13]} c6 {[%emt 0:00:21]} 7. O-O {[%emt 0:00:25]} Qa5 {[%emt 0:00:18]} 8. h3 {[%emt 0:00:36]} e5 {[%emt 0:00:33]} 9. e4 {[%emt 0:02:16]} Nbd7 {[%emt 0:00:15]} 10. d5 {[%emt 0:02:11]} cxd5 {[%emt 0:00:07]} 11. cxd5 {[%emt 1:25:17]} b5 1/2-1/2

[Event "Bionext Festival 2019"]
[Site "Chihuahua"]
[Date "2019.12.01"]
[Round "7.5"]
[White "Tello Chavez, Isaac Valent"]
[Black "Pina Gonzalez, Jose Antonio"]
[Result "1-0"]
[WhiteElo "2274"]
[BlackElo "2170"]
[Annotator "TA"]
[PlyCount "65"]
[EventDate "2019.11.30"]
[EventType "swiss"]
[EventCountry "MEX"]
[SourceTitle "playchess.com"]
[Source "ChessBase"]
[SourceQuality "1"]

{[%evp 9,67,8,25,22,40,20,18,15,47,41,33,33,68,66,72,72,76,75,92,52,52,47,48,33,37,38,61,89,90,43,87,82,176,108,152,133,171,163,258,254,234,157,156,155,372,343,372,322,1716,1672,29986,29987,29987,29988,29987,29987,29987,29985,29987,29988]} 1. c4 Nf6 2. Nc3 e5 3. g3 Nc6 4. Bg2 Bb4 5. Nd5 Be7 (5... Bc5 6. e3 d6 7. Ne2 a6 8. O-O O-O 9. b3 Bg4 10. h3 Bh5 11. Bb2 Nxd5 12. cxd5 Ne7 13. g4 Bg6 14. f4 Bd3 15. Rf2 {½-½ (55) Donchenko,A (2615)-Popov,I (2599) Riga 2019}) 6. e3 {A25: English Opening vs King's Indian with ...Nc6 but without early d3} O-O 7. Ne2 Nxd5 8. cxd5 {The position is equal.} Nb8 $146 ({Predecessor:} 8... Nb4 9. d4 exd4 10. Nxd4 c6 11. dxc6 bxc6 {1-0 (53) Lezzerini,M (1920)-Barlocco,C (2086) Arco 2012}) 9. d4 exd4 10. Nxd4 d6 11. O-O Nd7 12. b3 Bf6 13. Bb2 Nc5 14. h3 a5 15. Qc2 Bd7 16. Rad1 Re8 17. Rfe1 Na6 18. Bc3 Nc5 19. Kh2 h6 20. f4 b5 {[#]} (20... Qc8 $16) 21. a3 ({Better is} 21. e4 $1 $18) 21... Qc8 {[#]} 22. e4 $1 a4 23. b4 Bxd4 (23... Nb3 {was called for.} 24. Nxb3 Bxc3) 24. Bxd4 $18 ({Much less strong is} 24. Rxd4 $6 Nb3 $16) 24... Nb3 25. Bb2 {Hoping for Qc3.} c5 {Black wants to play ...cxb4.} 26. dxc6 $1 Bxc6 $2 (26... Qxc6 $16 {keeps fighting.} 27. Qe2 Rad8) 27. Rxd6 Bb7 28. Qd1 Qc4 $2 {[#]} (28... Rd8 29. Rxd8+ Qxd8) 29. Qg4 $1 {[%csl Gb2][%cal Rg4g7]} g6 {[#]} 30. Rxg6+ $1 {[%mdl 576] Double Attack. White mates.} Kf8 (30... fxg6 31. Qxg6+) 31. Bg7+ Ke7 32. Bf6+ Kd6 33. Bd8+ {Played: Bf6-e5} 1-0

[Event "Bionext Festival 2019"]
[Site "Chihuahua"]
[Date "2019.12.01"]
[Round "7.5"]
[White "Tello Chavez, Isaac Valent"]
[Black "Pina Gonzalez, Jose Antonio"]
[Result "*"]
[WhiteElo "2274"]
[BlackElo "2170"]
[Annotator "RC"]
[PlyCount "67"]
[EventDate "2019.11.30"]
[EventType "swiss"]
[EventCountry "MEX"]
[SourceTitle "playchess.com"]
[Source "ChessBase"]
[SourceQuality "1"]
[TimeControl "5400+30"]

1. c4 {[%emt 0:00:00]} Nf6 {[%emt 0:00:00]} 2. Nc3 {[%emt 0:00:00]} e5 {[%emt 0:00:18]} 3. g3 {[%emt 0:00:00]} Nc6 {[%emt 0:00:47]} 4. Bg2 {[%emt 1:32:00]} Bb4 {[%emt 0:00:58]} 5. Nd5 {[%emt 0:06:07]} Be7 {[%emt 0:04:14]} 6. e3 {[%emt 0:01:28]} O-O {[%emt 0:00:46]} 7. Ne2 {[%emt 0:00:20]} Nxd5 {[%emt 0:00:12]} 8. cxd5 {[%emt 0:00:08]} Nb8 {[%emt 0:00:13]} 9. d4 {[%emt 1:26:24]} exd4 {[%emt 0:01:28]} 10. Nxd4 {[%emt 0:00:35]} d6 {[%emt 0:00:13]} 11. O-O {[%emt 0:00:32]} Nd7 {[%emt 0:00:10]} 12. b3 {[%emt 0:03:50]} Bf6 {[%emt 0:02:39]} 13. Bb2 {[%emt 1:22:42]} Nc5 {[%emt 0:01:35]} 14. h3 {[%emt 0:03:59]} a5 {[%emt 0:01:11]} 15. Qc2 {[%emt 0:03:02]} Bd7 {[%emt 0:00:38]} 16. Rad1 {[%emt 1:16:52]} Re8 {[%emt 0:07:57]} 17. Rfe1 {[%emt 0:01:56]} Na6 {[%emt 1:15:11]} 18. Bc3 {[%emt 0:08:39]} Nc5 {[%emt 0:00:48]} 19. Kh2 {[%emt 0:02:49]} h6 {[%emt 0:18:31]} 20. f4 {[%emt 0:05:46]} b5 {[%emt 0:14:23]} 21. a3 {[%emt 0:03:45]} Qc8 {[%emt 0:04:29]} 22. e4 {[%emt 0:04:58]} a4 {[%emt 0:04:08]} 23. b4 {[%emt 0:02:08]} Bxd4 {[%emt 0:03:02]} 24. Bxd4 {[%emt 0:01:05]} Nb3 {[%emt 0:00:22]} 25. Bb2 {[%emt 0:01:41]} c5 {[%emt 0:00:20]} 26. dxc6 {[%emt 0:01:05]} Bxc6 {[%emt 0:00:54]} 27. Rxd6 {[%emt 0:06:47]} Bb7 {[%emt 0:02:09]} 28. Qd1 {[%emt 0:38:45]} Qc4 {[%emt 0:05:19]} 29. Qg4 {[%emt 0:03:04]} g6 {[%emt 0:02:57]} 30. Rxg6+ {[%emt 0:01:26]} Kf8 {[%emt 0:00:12]} 31. Bg7+ {[%emt 0:02:29]} Ke7 {[%emt 0:21:54]} 32. Bf6+ {[%emt 0:00:05]} Kd6 {[%emt 0:21:40]} 33. Be5+ {[%emt 0:00:05]} Ke7 {[%emt 0:00:08]} 34. Rd1 {[%emt 0:00:54]} *

[Event "Bionext Festival 2019"]
[Site "Chihuahua"]
[Date "2019.12.02"]
[Round "7.6"]
[White "Sainz Aguirre, Ignacio"]
[Black "Della Morte, Pablo"]
[Result "0-1"]
[WhiteElo "1884"]
[BlackElo "2309"]
[Annotator "TA"]
[PlyCount "64"]
[EventDate "2019.11.30"]
[EventType "swiss"]
[EventCountry "MEX"]
[SourceTitle "playchess.com"]
[Source "ChessBase"]
[SourceQuality "1"]

{[%evp 11,64,16,22,12,30,19,10,-31,-25,-22,-22,-21,-23,-26,-24,-39,-18,-55,0,-56,-56,-58,-62,-75,-59,-72,-54,-71,-38,-90,0,0,0,-155,-157,-378,-370,-370,-363,-361,-361,-361,-181,-348,-161,-192,-51,-256,-253,-468,-228,-358,-351,-339,-107]} 1. e4 c5 2. Nf3 d6 3. Bb5+ Nd7 4. d4 cxd4 5. Qxd4 a6 6. Bxd7+ Bxd7 7. c4 {B51: Sicilian: Moscow Variation (3 Bb5+) without 3...Bd7} e5 8. Qd3 b5 9. Nbd2 $146 {The position is equal.} ({Predecessor:} 9. Nc3 bxc4 10. Qxc4 Be6 11. Qc6+ Bd7 12. Qc4 Be6 13. Qc6+ Bd7 {½-½ (13) Jones,G (2651)-Wojtaszek,R (2738) Batumi 2018}) 9... Nf6 10. b3 Be7 11. O-O O-O 12. Re1 Qb6 13. h3 Rac8 14. Ba3 b4 ({Better is} 14... Be6 $15) 15. Bb2 (15. Bc1 $1 $11) 15... Bc6 $15 16. Nf1 Nd7 17. Ng3 Nc5 18. Qe3 g6 19. Rad1 Qb7 20. Bc1 (20. h4 $15) 20... f5 (20... Rfd8 $17) 21. exf5 $11 gxf5 {...f4 is the strong threat.} 22. Qh6 $2 {[#]} (22. Qe2 $11) 22... Rf6 $1 $36 {[%cal Rf6h6][%mdl 2048] Black has strong initiative.} 23. Qg5+ $2 (23. Qh5 $17 {keeps fighting.} Be8 24. Qg5+ Bg6 25. Nh5) 23... Rg6 $19 24. Qxf5 Rf8 25. Qc2 Bxf3 26. gxf3 Rxf3 (26... Qxf3 $2 27. Qe2 $17) (26... Bh4 $142 27. Re3 Rxf3) 27. Re3 $2 (27. Kh2 {was the only defense.}) 27... Rf4 (27... Bh4 $142 28. Rd5 Rf8) 28. Kh2 Ne6 (28... Rf7 $19 29. Rd5 Qc8) 29. Rd5 $2 (29. Re4 $15) 29... Nd4 30. Qb2 $2 {[#]} (30. Rxd4 {is the only way for White.} Rxd4 31. Rd3) 30... Nf3+ (30... Rh4 $142 $1 {[%mdl 512] ( -> ...Qd7)} 31. Ne2 Qd7) 31. Kg2 (31. Rxf3 $142 Rxf3 32. Qe2) 31... Nh4+ 32. Kh2 {[#] and the idea Qe2 leaves White hopeful.} Rd4 $1 {[%mdl 512] Accuracy: White = 28%, Black = 35%.} 0-1

[Event "Bionext Festival 2019"]
[Site "Chihuahua"]
[Date "2019.12.01"]
[Round "7.7"]
[White "Rodriguez Rivera, Pedro"]
[Black "Rose, Felix"]
[Result "1-0"]
[WhiteElo "2188"]
[BlackElo "2059"]
[Annotator "ChessBase"]
[PlyCount "32"]
[EventDate "2019.11.30"]
[EventType "swiss"]
[EventCountry "MEX"]
[SourceTitle "playchess.com"]
[Source "ChessBase"]
[SourceQuality "1"]
[TimeControl "5400+30"]

1. e4 {[%emt 0:00:00]} c5 {[%emt 0:01:13]} 2. Nc3 {[%emt 0:00:00]} Nc6 {[%emt 0:00:37]} 3. d3 {[%emt 0:00:00]} g6 {[%emt 0:00:15]} 4. g3 {[%emt 0:00:07]} Bg7 {[%emt 0:00:26]} 5. Be3 {[%emt 0:00:04]} d6 {[%emt 0:00:13]} 6. Qd2 {[%emt 1:32:49]} e5 {[%emt 0:00:23]} 7. Bg2 {[%emt 0:00:07]} Be6 {[%emt 0:00:20]} 8. Nge2 {[%emt 1:33:29]} Qd7 {[%emt 0:02:42]} 9. Nd5 {[%emt 0:03:10]} f5 {[%emt 0:12:00]} 10. c3 {[%emt 0:00:31]} Nf6 {[%emt 0:11:44]} 11. Nxf6+ {[%emt 0:02:33]} Bxf6 {[%emt 0:01:13]} 12. d4 {[%emt 0:03:21]} exd4 {[%emt 0:21:56]} 13. cxd4 {[%emt 0:00:00]} Nb4 {[%emt 0:43:28]} 14. O-O {[%emt 0:01:00]} fxe4 {[%emt 0:00:53]} 15. Bxe4 {[%emt 0:00:00]} Rc8 {[%emt 0:13:47]} 16. a3 {[%emt 0:02:00]} Nd5 {[%emt 0:00:00]} 1-0

[Event "Bionext Festival 2019"]
[Site "Chihuahua"]
[Date "2019.12.01"]
[Round "7.8"]
[White "Ramirez Ruacho, Juan Manuel"]
[Black "Guerrero Rodriguez, Alejandra"]
[Result "0-1"]
[WhiteElo "2175"]
[BlackElo "2016"]
[Annotator "TA"]
[PlyCount "54"]
[EventDate "2019.11.30"]
[EventType "swiss"]
[EventCountry "MEX"]
[SourceTitle "playchess.com"]
[Source "ChessBase"]
[SourceQuality "1"]

{[%evp 9,54,-35,-29,-37,-8,-42,-43,-80,-72,-115,-109,-136,-134,-134,-73,-95,-88,-177,-145,-233,-231,-250,-273,-356,-385,-380,-367,-356,-158,-467,-466,-460,-486,-622,-622,-617,-617,-782,-772,-747,-741,-835,-828,-818,-818,-772,-579]} 1. d4 Nf6 2. Nd2 g6 (2... d5 3. e3 g6 4. b4 Bg7 5. c4 O-O 6. Ngf3 c6 7. a4 Ne4 8. Bb2 Bg4 9. Be2 Nxd2 10. Nxd2 Bxe2 11. Qxe2 e6 12. O-O Nd7 13. Rab1 Nb6 14. cxd5 cxd5 {½-½ (30) Nabaty,T (2670)-Gopal,G (2582) Stockholm 2018}) 3. h4 d5 4. Nh3 $146 ({Predecessor:} 4. e3 Bg7 5. Be2 h5 6. b3 c5 7. Bb2 cxd4 8. exd4 Nc6 9. Ngf3 Bf5 10. O-O O-O {0-1 (23) Vass,F (2292)-Danada,T (2098) Slovakia 2012}) 4... Nc6 5. Nf3 Bg7 6. Nf4 {A45: Trompowsky Attack} h5 7. e3 Bf5 8. Bd3 {Black is slightly better.} Ne4 9. c4 dxc4 10. Bxc4 e5 11. Ne2 Qd6 (11... O-O $142 12. a3 Qd7) 12. a3 O-O-O 13. d5 (13. O-O $17 {is a better defense.}) 13... Ne7 {[%cal Bc6e7,Be7d5,Bd5b6][%mdl 32]} 14. b4 (14. Ng5 $17 {was necessary.}) 14... Nxd5 $19 15. Qb3 Nb6 16. Bxf7 Rhf8 17. O-O Qf6 18. Bc4 Nd6 (18... Bg4 $19 19. Nh2 Nxc4 20. Qxc4 Nxf2) 19. Nd2 $2 {[#]} (19. e4 $17 Nxe4 20. Be3) 19... Nbxc4 {Black is clearly winning.} ({Don't do} 19... Ndxc4 20. Nxc4 Nxc4 21. e4 $19) 20. Nxc4 Nxc4 (20... Qxh4 $2 21. Nd2 $19) 21. Qxc4 {intending e4.} Bd3 22. Qa2 {and the idea e4! leaves White hopeful.} e4 23. Rb1 Bxb1 24. Qxb1 {[#]} Rd1 $1 {[%mdl 512]} 25. Nf4 (25. Rxd1 Qxf2+) 25... Rxf1+ 26. Kxf1 Qxh4 27. Qxe4 Qh1+ {Accuracy: White = 29%, Black = 58%.} 0-1

[Event "Bionext Festival 2019"]
[Site "Chihuahua"]
[Date "2019.12.01"]
[Round "7.9"]
[White "Martinez Molina, Carlos Al"]
[Black "Nunez Hirales, Juan Alejandro"]
[Result "1/2-1/2"]
[WhiteElo "2169"]
[BlackElo "2016"]
[Annotator "TA"]
[PlyCount "165"]
[EventDate "2019.11.30"]
[EventType "swiss"]
[EventCountry "MEX"]

{[%evp 14,165,26,26,29,23,41,28,63,63,67,39,41,45,75,59,60,63,65,65,65,46,50,37,89,66,66,66,112,106,130,63,87,86,83,79,100,77,75,60,124,37,60,50,64,51,51,51,50,50,63,58,76,66,98,78,77,58,58,51,63,51,51,51,51,51,51,51,51,51,51,51,51,51,51,51,51,51,51,51,51,51,51,51,51,0,51,0,51,0,51,0,51,40,40,40,40,0,0,0,0,0,0,0,0,0,0,0,0,0,0,0,0,0,0,0,0,0,0,0,0,0,0,0,0,0,0,0,0,0,0,0,0,0,0,0,0,0,0,0,0,0,0,0,0,0,0,0,0,0,0,0,0,0]} 1. d4 d5 2. c4 e6 3. Nc3 f5 4. g3 Nf6 5. Bg2 c6 6. Nh3 Be7 7. O-O O-O 8. b3 Qe8 {A91: Classical Dutch: Early Deviations} 9. Nf4 Qf7 $146 ({Predecessor:} 9... b5 10. cxb5 cxb5 11. f3 b4 12. Na4 Nc6 13. Bb2 Bd6 14. Rc1 Bd7 15. Nc5 Rc8 16. Qd2 {1-0 (39) Dzagnidze,N (2484)-Khotenashvili,B (2248) Tbilisi 2004}) 10. Qc2 Nh5 {White has an edge.} 11. Nd3 Nd7 12. Bd2 Bd6 13. e3 g5 14. f4 gxf4 15. exf4 Qg7 16. Ne5 $36 {[%mdl 2048] White has some pressure.} Nhf6 17. Rae1 Ne4 18. Nxe4 fxe4 (18... dxe4 $14 19. Be3 Bb4) 19. b4 Nxe5 20. fxe5 Rxf1+ 21. Rxf1 Be7 22. Qc1 (22. cxd5 $16 exd5 {[#]} 23. Bxe4 $1 {[%mdl 512]}) 22... Bd7 23. Bh6 Qg6 24. Qf4 Qf5 25. Qe3 Qg6 26. Bh3 Bf8 (26... Qh5 $14 27. Qf4 Qg6) 27. Bg5 (27. Rf6 $16 Qh5 28. Bf1 (28. Bxe6+ Bxe6 29. Rxe6 dxc4 $11)) 27... Bg7 28. Bf4 Rf8 29. Kh1 Rf7 30. a4 Bf8 31. c5 a6 32. Kg1 Bg7 33. Bg2 Be8 34. h3 Bf8 35. Rf2 Be7 36. Kh2 Bf8 37. Bf1 h5 38. Be2 Kh7 39. Kg2 Bh6 40. Bxh6 Rxf2+ 41. Kxf2 Qxh6 42. h4 Qxe3+ 43. Kxe3 $14 {[%mdl 4096] Endgame KB-KB} Kg6 44. Kf4 Bd7 45. Bf1 Be8 46. Bh3 Bd7 47. Ke3 Kh6 48. Bf1 Kg6 49. Be2 Be8 50. Kf4 (50. a5 $14) 50... Kh6 ({Better is} 50... Bd7 $11) 51. Bf1 Kg6 $1 52. Bh3 Bd7 53. g4 hxg4 $1 54. Bxg4 Kh6 55. h5 Bc8 {The position is equal.} 56. Be2 Bd7 57. Kg4 Be8 58. Kh4 Bd7 59. Bg4 Bc8 60. Bh3 Bd7 61. Bg4 Bc8 62. Be2 Bd7 63. Bg4 Bc8 64. Bh3 Bd7 65. Bf1 Be8 66. Be2 Bd7 67. Bd1 Be8 68. Be2 Bd7 69. Bg4 Bc8 70. Kg3 Kg5 71. Be2 Bd7 72. Bg4 Bc8 73. h6 Kxh6 74. Kh4 Bd7 75. Bh5 Kg7 76. Kg5 Bc8 77. Be8 Kf8 78. Bh5 Ke7 79. Be2 Bd7 80. Bf1 Be8 81. Be2 Bd7 82. Bf1 Be8 83. Be2 {Accuracy: White = 56%, Black = 64%.} 1/2-1/2